| 000 | 00633nam a2200205Ia 4500 | ||
|---|---|---|---|
| 001 | 15242 | ||
| 003 | GE_BSU | ||
| 008 | 181216s||||||||xx |||||||||||||| ||und|| | ||
| 040 | _cGE_BSU | ||
| 080 | _a821.353.1+821.353.1-1 | ||
| 100 | _aშანშიაშვილი, სანდრო | ||
| 245 | _aრჩეული | ||
| 245 | _cრედ:რ.ორჯონიკიძე. მხატვ.ც.შანშიაშვილი | ||
| 260 | _aთბილისი | ||
| 260 | _bსახელგამი | ||
| 260 | _c1953 | ||
| 300 | _a397გვ.21სმ. | ||
| 653 | _aმოთხრობები. | ||
| 942 | _cBK | ||
| 999 |
_c48354 _d48354 |
||